Pictorial History of the World War for Liberty (Record no. 1245)

000 -LEADER
fixed length control field 00403nam a22001577a 4500
003 - CONTROL NUMBER IDENTIFIER
control field OSt
008 - FIXED-LENGTH DATA ELEMENTS--GENERAL INFORMATION
fixed length control field 150418b xxu||||| |||| 00| 0 eng d
041 ## - LANGUAGE CODE
Language code of text/sound track or separate title eng
050 00 - LIBRARY OF CONGRESS CALL NUMBER
Classification number D522 .R8 1919
100 1# - MAIN ENTRY--PERSONAL NAME
Personal name Russell, Thomas H.
245 10 - TITLE STATEMENT
Title Pictorial History of the World War for Liberty
246 10 - VARYING FORM OF TITLE
Title proper/short title Americ's War for Humanity
260 ## - PUBLICATION, DISTRIBUTION, ETC. (IMPRINT)
Name of publisher, distributor, etc. L. H. Walter
300 ## - PHYSICAL DESCRIPTION
Extent 0 pages
650 #0 - SUBJECT ADDED ENTRY--TOPICAL TERM
Topical term or geographic name as entry element World War, 1914-1918.
Holdings
Withdrawn status Lost status Damaged status Not for loan Collection code Permanent Location Current Location Date acquired Total Checkouts Barcode Date last seen Price effective from Koha item type
        Richard Drews Northern Philatelic Library Northern Philatelic Library 04/18/2015   1001527 06/28/2015 06/28/2015 Books

Powered by Koha